00995nam a2200241 450000500170000000800410001701000140005802000260007202000230009803500130012103700150013404000180014908200100016710000200017724501320019726001210032930000280045049000710047850001160054950000480066565000230071370000170073620020327112551.0710422s1970 enk b 000 0 eng  aENG-92711 a9788185931869c350.00 a8185931860c350.00 aEN-76244 bDBAD / PUB adplbEnglish  a512.2 aMumford, David, aAbelian varietiescby David Mumford with appendices by C.P. Ramanujam and Yuri Manin; edited by N. Nitsure(Chairman)...(et al)  aNew DelhibPublished for the Tata Institute of Fundamental Research, Bombay [by] Hindustan Book Agencyc2008(repr.). axii, 263p. c24 cm (Hb) aTata Institute of Fundamental Research. Studies in mathematics, 5 aBased on a series of lectures delivered in the winter of 1967-68 at the Tata Institute of Fundamental Research. aIncludes bibliography reference and index . aAbelian varieties. aNitsure, N.